Vittorio Subilia

Saved in:  
Bibliographic Details
Main Author: Conte, Gino (Author)
Format: Print Article
Language:French
Check availability: HBZ Gateway
Interlibrary Loan:Interlibrary Loan for the Fachinformationsdienste (Specialized Information Services in Germany)
Published: 1995
In: Etudes théologiques et religieuses
Year: 1995, Volume: 70, Issue: 4, Pages: 557
Standardized Subjects / Keyword chains:B Subilia, Vittorio 1911-1988
IxTheo Classification:KAJ Church history 1914-; recent history
KBJ Italy
KDD Protestant Church

MARC

LEADER 00000caa a22000002c 4500
001 1639597433
003 DE-627
005 20220616111020.0
007 tu
008 160405s1995 xx ||||| 00| ||fre c
035 |a (DE-627)1639597433 
035 |a (DE-576)464848652 
035 |a (DE-599)BSZ464848652 
040 |a DE-627  |b ger  |c DE-627  |e rakwb 
041 |a fre 
084 |a 1  |2 ssgn 
100 1 |a Conte, Gino  |4 aut 
245 1 0 |a Vittorio Subilia 
264 1 |c 1995 
336 |a Text  |b txt  |2 rdacontent 
337 |a ohne Hilfsmittel zu benutzen  |b n  |2 rdamedia 
338 |a Band  |b nc  |2 rdacarrier 
652 |a KAJ:KBJ:KDD 
689 0 0 |d p  |0 (DE-588)11924151X  |0 (DE-627)080042988  |0 (DE-576)172101832  |2 gnd  |a Subilia, Vittorio  |d 1911-1988 
689 0 |5 (DE-627) 
773 0 8 |i In  |t Etudes théologiques et religieuses  |d Montpellier : Association Études théologiques et religieuses, 1926  |g 70(1995), 4, Seite 557  |w (DE-627)129537721  |w (DE-600)216563-6  |w (DE-576)01496967X  |x 0014-2239  |7 nnas 
773 1 8 |g volume:70  |g year:1995  |g number:4  |g pages:557 
935 |a mteo 
951 |a AR 
ELC |b 1 
ITA |a 1  |t 1 
LOK |0 000 xxxxxcx a22 zn 4500 
LOK |0 001 3300380499 
LOK |0 003 DE-627 
LOK |0 004 1639597433 
LOK |0 005 20160405121116 
LOK |0 008 160404||||||||||||||||ger||||||| 
LOK |0 040   |a DE-Tue135  |c DE-627  |d DE-Tue135 
LOK |0 092   |o n 
LOK |0 852   |a DE-Tue135 
LOK |0 852 1  |9 00 
LOK |0 935   |a ixzs  |a ixmi 
LOK |0 936ln  |0 1442050047  |a KDD 
LOK |0 936ln  |0 1442048786  |a KBJ 
LOK |0 936ln  |0 1442044640  |a KAJ 
LOK |0 939   |a 04-04-16  |b l01 
ORI |a SA-MARC-ixtheoa001.raw